Risk perception of mutual fund investors (Record no. 510551)

000 -LEADER
fixed length control field 00411nam a2200157 4500
008 - FIXED-LENGTH DATA ELEMENTS--GENERAL INFORMATION
fixed length control field 190822b ||||| |||| 00| 0 eng d
100 ## - MAIN ENTRY--PERSONAL NAME
Personal name Hassan, Sharika
245 ## - TITLE STATEMENT
Title Risk perception of mutual fund investors
260 ## - PUBLICATION, DISTRIBUTION, ETC. (IMPRINT)
Date of publication, distribution, etc 2019
300 ## - PHYSICAL DESCRIPTION
Extent p.60-69.
650 ## - SUBJECT ADDED ENTRY--TOPICAL TERM
Topical term or geographic name as entry element Mutual fund
9 (RLIN) 8739
700 ## - ADDED ENTRY--PERSONAL NAME
Personal name Fazili, Asif Iqbal
9 (RLIN) 8740
773 ## - HOST ITEM ENTRY
Main entry heading Abhigyan
906 ## - LOCAL DATA ELEMENT F, LDF (RLIN)
Subject DIP Investments - India
942 ## - ADDED ENTRY ELEMENTS (KOHA)
Source of classification or shelving scheme
Item type Articles
Holdings
Withdrawn status Lost status Source of classification or shelving scheme Damaged status Not for loan Permanent location Current location Date acquired Serial Enumeration / chronology Barcode Date last seen Koha item type
          Indian Institute of Public Administration Indian Institute of Public Administration 2019-08-22 37(1), Apr-Jun, 2019: p.60-69. AR120402 2019-08-22 Articles

Powered by Koha